Hindī meṃ Aṅgrejī ke āgata śabdoṃ kā bhāshātāttvika adhyayana. (Record no. 85536)

MARC details
000 -LEADER
fixed length control field 00663cam a22002291 4500
001 - CONTROL NUMBER
control field sa 68014056
003 - CONTROL NUMBER IDENTIFIER
control field DLC
005 - DATE AND TIME OF LATEST TRANSACTION
control field 20260227112628.0
008 - FIXED-LENGTH DATA ELEMENTS--GENERAL INFORMATION
fixed length control field 890920s1967 ii a b 000 0 hino
010 ## - LIBRARY OF CONGRESS CONTROL NUMBER
LC control number sa 68014056
035 ## - SYSTEM CONTROL NUMBER
System control number (OCoLC)20373313
040 ## - CATALOGING SOURCE
Original cataloging agency DLC
Transcribing agency WaU
Modifying agency DLC
042 ## - AUTHENTICATION CODE
Authentication code premarc
050 00 - LIBRARY OF CONGRESS CALL NUMBER
Classification number PK1939
Item number .B5
100 1# - MAIN ENTRY--PERSONAL NAME
Personal name Bhāṭiyā, Kailāśa Candra.
245 10 - TITLE STATEMENT
Title Hindī meṃ Aṅgrejī ke āgata śabdoṃ kā bhāshātāttvika adhyayana.
260 ## - PUBLICATION, DISTRIBUTION, ETC.
Date of publication, distribution, etc. 1967.
300 ## - PHYSICAL DESCRIPTION
Extent 2, 7, 5, 4, 407 p.
Other physical details illus.
Dimensions 22 cm.
500 ## - GENERAL NOTE
General note In Hindi.
504 ## - BIBLIOGRAPHY, ETC. NOTE
Bibliography, etc. note Bibliography: p. [370]-393.
650 #0 - SUBJECT ADDED ENTRY--TOPICAL TERM
Topical term or geographic name entry element Hindi language
General subdivision Foreign elements
-- English.

No items available.

Powered by Koha